Multiple-Choice-Stadtquiz Nürnberg - Statistiken

Allgemein
  • Dieses Quiz wurde 2.060 mal gespielt
  • Das Durchschnittsergebnis liegt bei 7 aus 10
Antwortstatistiken
Frage Antwort % Korrekt
Worum ging es bei den Nürnberger Prozessen nach dem Zweiten Weltkrieg? Um die Aufarbeitung nationalsozialistischer Kriegsverbrechen
93%
Worum handelt es sich bei „3 im Weggla“? Drei Nürnberger Rostbratwürstchen im Brötchen
88%
Welche beiden Großstädte gehören – neben Nürnberg – zur Metropolregion Nürnberg? Fürth und Erlangen
87%
Wie heißt der bekannte Weihnachtsmarkt in Nürnberg? Christkindlesmarkt
83%
Welcher berühmte Maler wurde 1471 in Nürnberg geboren? Albrecht Dürer
81%
Für welches Gebäck ist Nürnberg überregional bekannt? Lebkuchen
76%
In welcher Region liegt Nürnberg? Mittelfranken
74%
An welchem Fluss liegt Nürnberg? Pegnitz
66%
Wie heißt die berühmte Burg, die über Nürnberg thront? Kaiserburg
50%
Wie viele Einwohner hat Nürnberg ungefähr? 540.000
40%
Keine übereinstimmenden Quizze gefunden
Verteilung der Resultate
Anzahl Personen mit jedem Resultat
Perzentil nach korrekt beantworteten Fragen
Ihre Resultats-Entwicklung
Sie haben dieses Quiz noch nicht gespielt